000 00251nam a22000977a 4500
999 _c11805
_d11805
008 200220b ||||| |||| 00| 0 eng d
020 _a9780545515498
100 _aHulme,N.Joy
_97486
245 _aStable in Bethlehem
260 _aNew York
_bScholastic
_c2012